00584 a2200217 4500260001400000260004300014245009400057300001000151260001000161260001000171650004800181260000900229300000900238100000700247100000700254100000700261630003900268037001200307650002700319100002000346 bEconomica bOffice des Publications Universitaires aLexique des sciences économiques, politiques et jurudiques : français, anglais, arabe a258p. aParis aAlger aEconomie : politique : droit : dictionnaire c1983 b25cm lFr lEn lAr a33 - Economie - Economie politique aDe 8228 a3 - SCIENCES SOCIALES  aBenissad, M. E.